| Поле | Название | Значение |
| |
Тип записи |
a |
| |
Библиографический уровень |
m |
| 001 |
Контрольный номер |
520c2c00064445129578b81faf08f265 |
| 005 |
Дата корректировки |
20171206155404.5 |
| 010 |
Индекс ISBN |
__ |
| a |
ISBN |
978-5-392-20957-6 |
| 101 |
Язык документа |
0_ |
| a |
Язык текста |
rus |
| 102 |
Страна публикации |
__ |
| a |
Страна публикации |
RU |
| 200 |
Заглавие и сведения об ответственности |
1_ |
| a |
Заглавие |
Международное право |
| b |
Общее обозначение материала |
Текст |
| e |
Сведения, относящиеся к заглавию |
учеб. для бакалавров |
| f |
Первые сведения об ответственности |
Л. П. Ануфриева, К, А. Бекяшев, М. Г. Волосов |
| g |
Последующие сведения об ответственности |
ответ.ред. К.А. Бекяшев |
| 210 |
Выходные данные |
1_ |
| a |
Место издания |
М. |
| c |
Издательство |
Проспект |
| d |
Дата издания |
2016 |
| 215 |
Физическое описание |
__ |
| a |
Объем |
352 с. |
| 225 |
Серия |
2_ |
| a |
Серия |
Серия учебников МГЮА для бакалавров |
| 610 |
Ключевые слова |
0_ |
| a |
Ключевые слова |
международное право |
| 610 |
Ключевые слова |
0_ |
| a |
Ключевые слова |
международные договоры |
| 610 |
Ключевые слова |
0_ |
| a |
Ключевые слова |
международные организации |
| 610 |
Ключевые слова |
0_ |
| a |
Ключевые слова |
дипломатическое право |
| 610 |
Ключевые слова |
0_ |
| a |
Ключевые слова |
международная безопасность |
| 610 |
Ключевые слова |
0_ |
| a |
Ключевые слова |
права человека |
| 610 |
Ключевые слова |
0_ |
| a |
Ключевые слова |
международное уголовное право |
| 610 |
Ключевые слова |
0_ |
| a |
Ключевые слова |
международное экономическое право |
| 610 |
Ключевые слова |
0_ |
| a |
Ключевые слова |
международное морское право |
| 610 |
Ключевые слова |
0_ |
| a |
Ключевые слова |
международное воздушное право |
| 610 |
Ключевые слова |
0_ |
| a |
Ключевые слова |
международное космическое право |
| 610 |
Ключевые слова |
0_ |
| a |
Ключевые слова |
международное гуманитарное право |
| 610 |
Ключевые слова |
0_ |
| a |
Ключевые слова |
международные споры |
| a |
Ключевые слова |
бакалавриат |
| a |
Ключевые слова |
гриф |
| a |
Ключевые слова |
высшее образование |
| 686 |
Индексы других классификаций |
__ |
| a |
Классификационный индекс |
67.412 |
| 686 |
Индексы других классификаций |
__ |
| a |
Классификационный индекс |
67.91я73 |
| 701 |
Альтернативная интеллектуальная ответственность |
_1 |
| e |
Роль лиц |
Автор |
| 4 |
Код отношения |
070 |
| a |
Фамилия |
Ануфриева |
| b |
Имя |
Л. П. |
| 701 |
Альтернативная интеллектуальная ответственность |
_1 |
| a |
Фамилия |
Бекяшев |
| b |
Имя |
К, А. |
| e |
Роль лиц |
Автор |
| 4 |
Код отношения |
070 |
| 701 |
Альтернативная интеллектуальная ответственность |
_1 |
| a |
Фамилия |
Волосов |
| b |
Имя |
М. Г. |
| e |
Роль лиц |
Автор |
| 4 |
Код отношения |
070 |
| 702 |
Вторичная интеллектуальная ответственность |
_1 |
| a |
Фамилия |
Бекяшев |
| b |
Имя |
К. А. |
| e |
Роль лиц |
Редактор |
| 4 |
Код отношения |
340 |
| 711 |
Наименование организации. (Альтернативная ответственность) |
02 |
| a |
Организация/ юрисдикция |
МГЮА |
| 801 |
Источник записи |
_0 |
| a |
Страна |
RU |
| b |
Организация |
РУК |
| g |
Правила каталогизации |
PSBO |
| c |
Дата составления |
20171130 |
| 801 |
Источник записи |
_1 |
| a |
Страна |
RU |
| b |
Организация |
РУК |
| g |
Правила каталогизации |
PSBO |
| 852 |
Данные о местонахождении |
__ |
| i |
Авторский знак |
М 43 |
| j |
Шифр хранения |
ББК 67.412 |
| 852 |
Данные о местонахождении |
__ |
| i |
Авторский знак |
М 43 |
| j |
Шифр хранения |
ББК 67 |
| 901 |
Тип документа |
__ |
| t |
Тип документа |
m |
| 937 |
Технологическая информация |
__ |
| a |
Создатель записи (имя) |
Мясникова |
| 938 |
Служебная информация |
__ |
| a |
Название организации |
Головной вуз |
| 952 |
Тип литературы |
__ |
| c |
Вид литературы |
учебник |
| b |
Гриф литературы для ВШ |
гриф УМО |